Η γλώσσα C σε βάθος : πλήρης οδηγός εκμάθησης της γλώσσας C με εκτενή αναφορά στις δομές δεδομένων
Αποθηκεύτηκε σε:
| Κύριος συγγραφέας: | |
|---|---|
| Μορφή: | Βιβλίο |
| Γλώσσα: | Greek |
| Δημοσίευση: |
Αθήνα :
Κλειδάριθμος,
c2017.
|
| Έκδοση: | 5η έκδ. |
| Θέματα: | |
| Ετικέτες: |
Προσθήκη ετικέτας
Δεν υπάρχουν, Καταχωρήστε ετικέτα πρώτοι!
|
MARC
| LEADER | 00000cam a2200000 i 4500 | ||
|---|---|---|---|
| 001 | 1/120488 | ||
| 008 | 130917s2017 gr | ||| |||| ||gre|| | ||
| 020 | |a 9789604614981 | ||
| 035 | |l 10115641 | ||
| 040 | |a GR-MyUa |b gre |e AACR2 | ||
| 041 | 0 | |a gre | |
| 082 | 7 | |2 (22) | |
| 100 | 1 | |a Χατζηγιαννάκης, Νίκος Μ. | |
| 245 | 1 | 2 | |a Η γλώσσα C σε βάθος : |b πλήρης οδηγός εκμάθησης της γλώσσας C με εκτενή αναφορά στις δομές δεδομένων / |c Νίκος Μ. Χατζηγιαννάκης. |
| 250 | |a 5η έκδ. | ||
| 260 | |a Αθήνα : |b Κλειδάριθμος, |c c2017. | ||
| 300 | |a 821 σ. ; |c 24 εκ. | ||
| 504 | |a Βιβλιογραφία: σ.809 - 810. Ευρετήριο. | ||
| 650 | 0 | |a C# (Computer program language) | |
| 920 | |a Εύδοξος |b Επιστροφή |y Λέσβος |z 2019-12 | ||
| 970 | |a Καμάτσου |b Δέσποινα |z 09-12-2019 | ||